01551nam a22003854a 4500001001200000003000800012006001900020007001500039008004100054010001700095015001900112016001800131020002800149040002100177035002100198043001200219050002500231082001900256100002400275245015600299260007400455300001600529490002400545504005100569533015200620650005100772650007200823655002900895700002200924700003200946710001700978830002500995856012601020999001901146ebr10228283CaPaEBRm u cr cn|||||||||060410s2006 enk sb 001 0 eng  z 2006012259 aGBA6405202bnb7 z0134477622Uk z0754645894 (alk. paper) aCaPaEBRcCaPaEBR a(OCoLC)614502234 ae------14aKJE6536b.H69 2006eb04a343.24/0722221 aHowells, Geraint G.10aEuropean fair trading lawh[electronic resource] :bthe unfair commercial practices directive /cGeraint Howells, Hans-W. Micklitz, Thomas Wilhelmsson. aAldershot, England ;aBurlington, VT :bAshgate Pub. Company,cc2006. axvi, 295 p.1 aMarkets and the law aIncludes bibliographical references and index. aElectronic reproduction.bPalo Alto, Calif. :cebrary,d2013.nAvailable via World Wide Web.nAccess may be limited to ebrary affiliated libraries. 0aCompetition, UnfairzEuropean Union countries. 0aConsumer protectionxLaw and legislationzEuropean Union countries. 7aElectronic books.2local1 aMicklitz, Hans-W.1 aWilhelmsson, Thomas,d1949-2 aebrary, Inc. 0aMarkets and the law.40uhttp://site.ebrary.com/lib/rucke/Doc?id=10228283zAn electronic book accessible through the World Wide Web; click to view c152768d152768